| 000 | 01906nam a2200253Ia 4500 | ||
|---|---|---|---|
| 003 | Ost | ||
| 005 | 20260507075344.0 | ||
| 008 | 260507s9999||||xx |||||||||||||| ||und|| | ||
| 020 | _a54224229779 | ||
| 040 | _cfsecg | ||
| 041 | _aara | ||
| 082 | _a330 | ||
| 100 |
_aعبد الرزاق، محمود حامد محمود _eمؤلف |
||
| 245 | 0 |
_aإقتصاديات النقل الدولي : _bالبري والبحري والجوي / _c محمود حامد محمود عبد الرزاق |
|
| 260 |
_aالإسكندرية: _bالدار الجامعية, _c2013 |
||
| 300 |
_a417 صفحة؛ _bإيضاحات ؛ _c24 سم |
||
| 520 | _aأساسيات النقل الدولي- أسطول النقل الدولي- الأهمية الإقتصادية للنقل الدولي- التطورات الحديثة في النقل البحري- التعاون الإقليمي في مجال النقل الدولي- النقل والإقتصاد القومي- النقل الدولي البري في الإقتصاد المصري- النقل الدولي البحري في الإقتصاد المصري- الأسطول البحري الدولي وإدارة الموانئ- خدمات النقل البحري- كفاءة العنصر البشري وأثرها على النقل الدولي- التطورات الحديثة في النقل الجوي،تجربة الإتحاد الأروبي-أدبيات النقل الدولي عند المسلمين- الإتفاقيات والمعاهدات الدولية في النقل البحري- التشريعات والقرارات الحديثة في النقل البحري- الكفاءة الجمركية وتأثيرها على النقل الدولي | ||
| 653 | _aإقتصاديات النقل | ||
| 653 | _aالنقل | ||
| 653 | _aالنقل البحري | ||
| 653 | _aالنقل البري | ||
| 653 | _aالنقل الدولي | ||
| 942 | _cكتاب | ||
| 999 |
_c44106 _d44106 |
||